Computer Science Areas - Statistics

General Stats
  • This quiz has been taken 260 times
    217 since last reset
  • The average score is 5 of 16
Answer Stats
Area % Correct
Artificial Intelligence and Machine Learning
70%
Distributed Systems and Networks
58%
Security, Privacy and Criptography
57%
Architecture and Engineering
47%
Software Engineering
47%
Databases and Information Systems
37%
Operating Systems
30%
Programming Languages and Compilers
30%
Theory of Computation
30%
Graphics and Visualization
25%
Robotics
20%
Embedded and Real-Time Systems
15%
Human-Computer Interaction
14%
Quantum Computing
9%
Bioinformatics and Computational Biology
6%
Scientific Computing and Numerical Analysis
5%
No matching quizzes found
Score Distribution
Percent of People with Each Score
Percentile by Number Answered
Your Score History
You have not taken this quiz since the last reset